| 000 | 00438nam a2200169Ia 4500 | ||
|---|---|---|---|
| 008 | 230711s9999||||xx |||||||||||||| ||und|| | ||
| 020 | _a978-93-5316-978-7 | ||
| 041 | _aENG | ||
| 082 |
_a658.872 _bGU-D |
||
| 100 | _aGupta, Seema | ||
| 245 | 0 | _aDigital Marketing | |
| 250 | _a2nd Ed. | ||
| 260 |
_c2022 _aNew Delhi _bMcGraw Hill Education(India) Private Limited |
||
| 300 | _a530p. | ||
| 650 | _aUNIVESITY BUSNIESS SCHOOL | ||
| 942 | _cBK | ||
| 999 |
_c6992 _d6992 |
||